| 000 | 00352nam a22001457a 4500 | ||
|---|---|---|---|
| 003 | macl | ||
| 005 | 20151105123313.0 | ||
| 008 | 151105b xxu||||| |||| 00| 0 eng d | ||
| 040 | _cmacl | ||
| 041 | _aEnglish | ||
| 100 |
_aPradeep K. Sinha _917294 |
||
| 245 | _aComputer Fundamentals | ||
| 260 |
_aNew Delhi _bBPB Publications _c2015 |
||
| 942 |
_2ddc _cBK |
||
| 999 |
_c50528 _d50528 |
||